[Event "Uljanovsk Cup"]
[Site "Uljanovsk"]
[Date "2009.12.20"]
[Round "8"]
[White "Zubkov, Vasiliy"]
[Black "Chaplygin, Anton"]
[Result "1-0"]
[WhiteElo "2030"]
[BlackElo "2002"]
[PlyCount "49"]
[EventDate "2009.12.05"]
[EventType "swiss"]
[EventRounds "9"]
[EventCountry "RUS"]
[SourceTitle "EXT 2012"]
[Source "ChessBase"]
[SourceDate "2011.11.24"]
[SourceVersion "1"]
[SourceVersionDate "2011.11.24"]
[SourceQuality "1"]

1. d4 Nf6 2. c4 c6 3. Nc3 d5 4. e3 e6 5. Nf3 Be7 6. Bd3 0-0 7. 0-0 dxc4 8. Bxc4 b5 9. Bd3 a6 10. e4 Bb7 11. e5 Nd5 12. Ne4 Nd7 13. Bg5 f6 14. exf6 N7xf6 15. Qe2 Nc7 16. Rfc1 Nxe4 17. Qxe4 g6 18. Bh6 Rf5 19. Qe3 Rf6 20. Be4 Nd5 21. Qe2 Rc8 22. Bg5 Rf8 23. Bxd5 Bxg5 24. Bxe6+ Kh8 25. Bxc8 1-0

[Event "Uljanovsk Cup"]
[Site "Uljanovsk"]
[Date "2009.12.13"]
[Round "6"]
[White "Zubkov, Vasiliy"]
[Black "Uryadov, Sergey S"]
[Result "1-0"]
[WhiteElo "2030"]
[BlackElo "1908"]
[PlyCount "97"]
[EventDate "2009.12.05"]
[EventType "swiss"]
[EventRounds "9"]
[EventCountry "RUS"]
[SourceTitle "EXT 2012"]
[Source "ChessBase"]
[SourceDate "2011.11.24"]
[SourceVersion "1"]
[SourceVersionDate "2011.11.24"]
[SourceQuality "1"]

1. e4 e6 2. d4 d5 3. Nd2 Nf6 4. e5 Nfd7 5. Bd3 c5 6. c3 Nc6 7. Ne2 cxd4 8. cxd4 f6 9. exf6 Nxf6 10. 0-0 Bd6 11. Nf3 0-0 12. Bg5 Qe8 13. Bh4 Bd7 14. Bg3 Qe7 15. Nc3 Bxg3 16. hxg3 a6 17. Qd2 Qd6 18. Rae1 Rae8 19. Ne5 Na7 20. Re2 Nb5 21. Nxd7 Qxd7 22. Nxb5 axb5 23. Qb4 Qe7 24. Qxe7 Rxe7 25. Bxb5 Rc8 26. Rfe1 Kf7 27. f3 Nh5 28. Kf2 g6 29. Bd3 Ng7 30. g4 Rec7 31. Rh1 Kg8 32. Rd1 Kf7 33. Rdd2 Ke7 34. Rc2 Kd6 35. Rxc7 Rxc7 36. Rc2 Rxc2+ 37. Bxc2 e5 38. dxe5+ Kxe5 39. g3 Ne6 40. f4+ Kd6 41. Ke3 Kc5 42. f5 d4+ 43. Ke4 Ng5+ 44. Ke5 Nf3+ 45. Ke6 Kc4 46. f6 d3 47. Bb3+ Kb5 48. Bd1 Ng5+ 49. Ke7 1-0

[Event "Uljanovsk Cup"]
[Site "Uljanovsk"]
[Date "2009.12.12"]
[Round "4"]
[White "Zubkov, Vasiliy"]
[Black "Anikin, Victor"]
[Result "1-0"]
[WhiteElo "2030"]
[BlackElo "1891"]
[PlyCount "121"]
[EventDate "2009.12.05"]
[EventType "swiss"]
[EventRounds "9"]
[EventCountry "RUS"]
[SourceTitle "EXT 2012"]
[Source "ChessBase"]
[SourceDate "2011.11.24"]
[SourceVersion "1"]
[SourceVersionDate "2011.11.24"]
[SourceQuality "1"]

1. e4 d6 2. d4 Nf6 3. Bd3 Nbd7 4. Ne2 c6 5. 0-0 e5 6. c3 Qb6 7. Nd2 Be7 8. Nc4 Qc7 9. Ng3 b5 10. Ne3 g6 11. Nc2 h5 12. Bg5 h4 13. Ne2 Nf8 14. d5 Bd7 15. dxc6 Bxc6 16. Nb4 Bd7 17. Bxf6 Bxf6 18. Nd5 Qd8 19. Qb3 a6 20. a4 Ne6 21. axb5 Nc5 22. Qd1 Nxd3 23. Qxd3 Bxb5 24. c4 Bc6 25. b4 Bg7 26. b5 axb5 27. Rxa8 Bxa8 28. cxb5 f5 29. Nec3 0-0 30. b6 Rf7 31. Nc7 Bb7 32. Rd1 Bf8 33. N3d5 Kh7 34. Ne6 Qa8 35. Ng5+ Kg7 36. Nxf7 Kxf7 37. exf5 g5 38. Nc7 Qa4 39. Rc1 Qg4 40. Qc4+ Qxc4 41. Rxc4 d5 42. Nxd5 Bxd5 43. Rc7+ Kf6 44. b7 Bxb7 45. Rxb7 Bc5 46. Kf1 Kxf5 47. Ke2 Kg4 48. Rf7 Kh5 49. f3 Kg6 50. Rc7 Bg1 51. h3 Kf5 52. Rc4 Bd4 53. Rc8 Bg1 54. Rf8+ Kg6 55. Kd3 Bc5 56. Rc8 Bg1 57. Ke4 Bh2 58. Rc6+ Kf7 59. Kf5 Bf4 60. Rg6 Be3 61. Rxg5 1-0

[Event "Uljanovsk Petrosian Memorial op"]
[Site "Uljanovsk"]
[Date "2009.06.28"]
[Round "8"]
[White "Nikonova, Irina"]
[Black "Zubkov, Vasiliy"]
[Result "0-1"]
[WhiteElo "2034"]
[BlackElo "2000"]
[PlyCount "73"]
[EventDate "2009.06.20"]
[EventType "swiss"]
[EventRounds "9"]
[EventCountry "RUS"]
[SourceTitle "EXT 2012"]
[Source "ChessBase"]
[SourceDate "2011.11.24"]
[SourceVersion "1"]
[SourceVersionDate "2011.11.24"]
[SourceQuality "1"]

1. e4 e5 2. Nc3 Nf6 3. Bc4 Be7 4. d3 0-0 5. f4 Nc6 6. Nf3 d6 7. 0-0 exf4 8. Bxf4 Na5 9. Bb3 Nxb3 10. axb3 Bg4 11. h3 Bh5 12. g4 Bg6 13. Ne2 Nd7 14. Ng3 Nc5 15. Qd2 b6 16. Be3 Ne6 17. b4 c5 18. Nf5 Nc7 19. Nxe7+ Qxe7 20. c4 Rfe8 21. Bg5 f6 22. Bf4 Bf7 23. Qh2 Red8 24. b5 a6 25. bxa6 Rxa6 26. Rxa6 Nxa6 27. Ra1 Nb4 28. Ra3 Nc6 29. Qc2 g5 30. Bg3 h5 31. gxh5 Bxh5 32. Qg2 Qe6 33. Kh2 Kf7 34. Ra6 Rh8 35. Ng1 Rb8 36. Qf1 Kg6 37. Qf5+ 0-1

[Event "Uljanovsk-ch"]
[Site "Uljanovsk"]
[Date "2009.03.20"]
[Round "7"]
[White "Zubkov, Vasiliy"]
[Black "Nikonova, Irina"]
[Result "1-0"]
[WhiteElo "2000"]
[BlackElo "2034"]
[PlyCount "86"]
[EventDate "2009.03.14"]
[EventType "swiss"]
[EventRounds "9"]
[EventCountry "RUS"]
[SourceTitle "EXT 2010"]
[Source "ChessBase"]
[SourceDate "2010.11.25"]
[SourceVersion "1"]
[SourceVersionDate "2010.11.25"]
[SourceQuality "1"]

1. d4 Nf6 2. c4 e6 3. Nf3 b6 4. g3 Ba6 5. e3 Be7 6. Qc2 Bb7 7. Bg2 Be4 8. Qd1 c5 9. Nc3 Bb7 10. 0-0 Ne4 11. Nxe4 Bxe4 12. b3 0-0 13. Bb2 Bf6 14. Qd2 cxd4 15. exd4 d6 16. Rfd1 Na6 17. Ne1 Bxg2 18. Nxg2 Rc8 19. Ne3 Bg5 20. f4 Be7 21. Qe2 Nb8 22. Rac1 Rc7 23. d5 Re8 24. dxe6 Bf8 25. exf7+ Rxf7 26. Qd3 Nd7 27. Bd4 Qa8 28. Nd5 Qb7 29. Re1 Rc8 30. Bf2 Qa6 31. Rc2 Nc5 32. Bxc5 dxc5 33. Rce2 Qb7 34. Re6 Qd7 35. Qe4 Rd8 36. a4 Bd6 37. Re8+ Rf8 38. Rxf8+ Bxf8 39. Qe6+ Qxe6 40. Rxe6 Kf7 41. Re4 Rd6 42. Kf2 g6 43. Ke2 Rd7 1-0

[Event "Uljanovsk Petrosian Memorial op"]
[Site "Uljanovsk"]
[Date "2008.06.19"]
[Round "5"]
[White "Zubkov, Vasiliy"]
[Black "Uryadov, Sergey S"]
[Result "1-0"]
[WhiteElo "2031"]
[BlackElo "1829"]
[PlyCount "68"]
[EventDate "2008.06.14"]
[EventType "swiss"]
[EventRounds "9"]
[EventCountry "RUS"]
[SourceTitle "EXT 2022"]
[Source "ChessBase"]
[SourceDate "2021.10.06"]
[SourceVersion "1"]
[SourceVersionDate "2021.10.06"]
[SourceQuality "1"]

1. e4 e6 2. d4 d5 3. Nd2 Nf6 4. e5 Nfd7 5. Bd3 c5 6. c3 Nc6 7. Ndf3 cxd4 8. cxd4 Be7 9. Ne2 f6 10. exf6 Nxf6 11. 0-0 0-0 12. Nc3 a6 13. Re1 Bd6 14. Bg5 Qb6 15. Re2 Qc7 16. Rc1 Qf7 17. Na4 Nd7 18. Bh4 h6 19. Bg3 Bxg3 20. hxg3 Qf6 21. Bb1 Re8 22. Qd3 Nf8 23. Nb6 Rb8 24. a3 Qd8 25. Nxc8 Rxc8 26. Rce1 Qf6 27. b4 Rc7 28. Rc2 Rec8 29. Rec1 Qe7 30. Rc5 Na7 31. Ne5 Rxc5 32. bxc5 Qe8 33. Rd1 Qb5 34. Qe3 Nc6 1-0

[Event "Uljanovsk Petrosian Memorial op"]
[Site "Uljanovsk"]
[Date "2008.06.17"]
[Round "4"]
[White "Marizina, Yulia"]
[Black "Zubkov, Vasiliy"]
[Result "0-1"]
[WhiteElo "1476"]
[BlackElo "2031"]
[PlyCount "87"]
[EventDate "2008.06.14"]
[EventType "swiss"]
[EventRounds "9"]
[EventCountry "RUS"]
[SourceTitle "EXT 2022"]
[Source "ChessBase"]
[SourceDate "2021.10.06"]
[SourceVersion "1"]
[SourceVersionDate "2021.10.06"]
[SourceQuality "1"]

1. e4 e5 2. Nf3 Nc6 3. Bc4 Nf6 4. d3 Be7 5. 0-0 0-0 6. Nc3 d6 7. h3 Na5 8. Bb3 c6 9. Ne2 Qc7 10. Ng3 d5 11. Bd2 Nxb3 12. axb3 dxe4 13. Nxe4 Nxe4 14. dxe4 a6 15. Bc3 f6 16. b4 Be6 17. Qe2 Qb6 18. Ra4 Rfd8 19. Rd1 Qb5 20. Rxd8+ Rxd8 21. Qxb5 cxb5 22. Ra1 g5 23. Nh2 h5 24. Be1 Kg7 25. f3 Rc8 26. c3 Rd8 27. Nf1 Rd3 28. Bf2 g4 29. hxg4 hxg4 30. Be3 gxf3 31. gxf3 Rd8 32. Kf2 Rh8 33. Nd2 Rh2+ 34. Kg3 Re2 35. Nf1 Rxb2 36. Rc1 Re2 37. Bd2 Bc4 38. Be1 Ra2 39. Nh2 Kg6 40. Ng4 Bf8 41. Ne3 Re2 42. Nxc4 bxc4 43. Rd1 Bh6 44. Kg4 0-1

[Event "Uljanovsk-ch op fin"]
[Site "Uljanovsk"]
[Date "2008.03.16"]
[Round "7"]
[White "Trushnikov, Viacheslav"]
[Black "Zubkov, Vasiliy"]
[Result "1-0"]
[WhiteElo "2020"]
[BlackElo "2031"]
[PlyCount "83"]
[EventDate "2008.03.09"]
[EventType "swiss"]
[EventRounds "9"]
[EventCountry "RUS"]
[SourceTitle "EXT 2022"]
[Source "ChessBase"]
[SourceDate "2021.10.06"]
[SourceVersion "1"]
[SourceVersionDate "2021.10.06"]
[SourceQuality "1"]

1. Nf3 Nf6 2. c4 d6 3. Nc3 c6 4. g3 e5 5. e4 Be7 6. h3 0-0 7. Bg2 Re8 8. 0-0 c5 9. d3 Nc6 10. a3 Rb8 11. Rb1 Bd7 12. Kh2 Nd4 13. Bd2 a6 14. Nxd4 cxd4 15. Nd5 Nxd5 16. cxd5 a5 17. f4 f6 18. Bf3 b6 19. Bg4 Bxg4 20. Qxg4 Qc8 21. Qxc8 Rexc8 22. Rbc1 Kf7 23. a4 Ke8 24. Rxc8+ Rxc8 25. Rc1 Rxc1 26. Bxc1 Kf7 27. fxe5 fxe5 28. Kg2 Kg6 29. Bd2 Bg5 30. Be1 h5 31. Kf3 Kf7 32. Ke2 Ke8 33. Bd2 Be7 34. h4 g6 35. Kd1 Kd7 36. Kc2 Kc8 37. Kb3 Bd8 38. Kc4 Kb7 39. Kb5 Bc7 40. Bg5 Bb8 41. Bd8 Ba7 42. b3 1-0

[Event "Uljanovsk-ch op fin"]
[Site "Uljanovsk"]
[Date "2008.03.15"]
[Round "6"]
[White "Zubkov, Vasiliy"]
[Black "Gusakov, Vitaly Semenovich"]
[Result "1/2-1/2"]
[WhiteElo "2031"]
[BlackElo "2264"]
[PlyCount "65"]
[EventDate "2008.03.09"]
[EventType "swiss"]
[EventRounds "9"]
[EventCountry "RUS"]
[SourceTitle "EXT 2022"]
[Source "ChessBase"]
[SourceDate "2021.10.06"]
[SourceVersion "1"]
[SourceVersionDate "2021.10.06"]
[SourceQuality "1"]

1. e4 c5 2. Nf3 a6 3. c3 Nf6 4. e5 Nd5 5. d4 cxd4 6. cxd4 e6 7. Nc3 Nxc3 8. bxc3 Qc7 9. Bd2 d6 10. exd6 Bxd6 11. Bd3 Nc6 12. 0-0 Na5 13. Qe2 Bf4 14. Bxf4 Qxf4 15. Ne5 g6 16. g3 Qf6 17. a4 0-0 18. Be4 Qe7 19. Rfb1 Qc7 20. Qe1 Rb8 21. h4 f6 22. Nd3 b6 23. Nb4 Kg7 24. Bd3 b5 25. axb5 axb5 26. Rxa5 Qxa5 27. Nc6 Qc7 28. Nxb8 Qxb8 29. Rxb5 Qd6 30. Rc5 e5 31. Ra5 exd4 32. Ra7+ Rf7 33. Rxf7+ 1/2-1/2

[Event "Uljanovsk Bagirov Memorial"]
[Site "Uljanovsk"]
[Date "2007.08.18"]
[Round "4"]
[White "Filonov, Konstantin"]
[Black "Zubkov, Vasiliy"]
[Result "0-1"]
[WhiteElo "1913"]
[BlackElo "2065"]
[PlyCount "90"]
[EventDate "2007.08.12"]
[EventType "swiss"]
[EventRounds "9"]
[EventCountry "RUS"]
[SourceTitle "EXT 2009"]
[Source "ChessBase"]
[SourceDate "2008.11.26"]
[SourceVersion "1"]
[SourceVersionDate "2008.11.26"]
[SourceQuality "1"]

1. Nf3 Nf6 2. b3 g6 3. Bb2 Bg7 4. e3 0-0 5. c4 d6 6. d4 Re8 7. Bd3 Nbd7 8. Nbd2 e5 9. Qc2 exd4 10. Bxd4 b6 11. h4 Nc5 12. Be2 Bf5 13. Qc3 Ne6 14. Qb2 Nxd4 15. Nxd4 Ne4 16. Qc1 Nxd2 17. Kxd2 Bxd4 18. exd4 Qf6 19. Qc3 c5 20. Bf3 cxd4 21. Qb2 Be4 22. Bxe4 Qxf2+ 23. Kc1 Qe3+ 24. Qd2 Qxe4 25. Kb2 Qg4 26. Rae1 Rxe1 27. Rxe1 Qxh4 28. Rd1 Qg3 29. Re1 Qc3+ 30. Qxc3 dxc3+ 31. Kxc3 Kf8 32. Re2 Re8 33. Rd2 Re6 34. Kd4 Ke7 35. Kd5 Kd7 36. Rf2 Re5+ 37. Kd4 Ke6 38. b4 f5 39. g3 Re4+ 40. Kd3 b5 41. c5 Rxb4 42. cxd6 Kxd6 43. Rh2 Rg4 44. Rxh7 Rxg3+ 45. Kd4 Rg4+ 0-1

[Event "Uljanovsk-ch"]
[Site "Uljanovsk"]
[Date "2007.03.18"]
[Round "8"]
[White "Zubkov, Vasiliy"]
[Black "Sanatullin, Rinat"]
[Result "1/2-1/2"]
[WhiteElo "2062"]
[BlackElo "2184"]
[PlyCount "21"]
[EventDate "2007.03.10"]
[EventType "tourn"]
[EventRounds "11"]
[EventCountry "RUS"]
[SourceTitle "EXT 2008"]
[Source "ChessBase"]
[SourceDate "2007.11.25"]
[SourceVersion "1"]
[SourceVersionDate "2007.11.25"]
[SourceQuality "1"]

1. d4 Nf6 2. c4 e6 3. Nf3 b6 4. g3 Bb7 5. Bg2 Be7 6. 0-0 0-0 7. Nc3 Ne4 8. Qc2 Nxc3 9. Qxc3 Be4 10. Ne1 Bxg2 11. Nxg2 1/2-1/2

[Event "Uljanovsk-ch"]
[Site "Uljanovsk"]
[Date "2007.03.11"]
[Round "3"]
[White "Balashov, Vladimir"]
[Black "Zubkov, Vasiliy"]
[Result "1-0"]
[WhiteElo "2278"]
[BlackElo "2062"]
[PlyCount "87"]
[EventDate "2007.03.10"]
[EventType "tourn"]
[EventRounds "11"]
[EventCountry "RUS"]
[SourceTitle "EXT 2008"]
[Source "ChessBase"]
[SourceDate "2007.11.25"]
[SourceVersion "1"]
[SourceVersionDate "2007.11.25"]
[SourceQuality "1"]

1. c4 e5 2. Nc3 Nf6 3. Nf3 Nc6 4. g3 Bb4 5. Bg2 0-0 6. 0-0 Re8 7. Nd5 Bc5 8. d3 Nxd5 9. cxd5 Nd4 10. Bd2 Nxf3+ 11. Bxf3 d6 12. b4 Bb6 13. Qc2 Bh3 14. Rfc1 Re7 15. a4 a6 16. Ra3 Rc8 17. a5 Ba7 18. Rc3 Qd7 19. Rc4 Bf5 20. h4 h6 21. Be3 Bxe3 22. fxe3 Bh7 23. Bg2 Bf5 24. Kh2 h5 25. Qd2 Bg4 26. e4 f6 27. Qe3 Kh7 28. R1c2 Qd8 29. Qa7 Rb8 30. R4c3 g5 31. Qf2 Rg7 32. hxg5 fxg5 33. d4 exd4 34. Qxd4 Rc8 35. e5 Bf5 36. e4 Bg6 37. exd6 Qxd6 38. e5 Qd7 39. Rf2 c6 40. d6 Re8 41. Rf6 Re6 42. Rcf3 Rxf6 43. Rxf6 Rf7 44. e6 1-0

[Event "Uljanovsk-ch"]
[Site "Uljanovsk"]
[Date "2007.03.11"]
[Round "4"]
[White "Zubkov, Vasiliy"]
[Black "Saveliev, Dmitri"]
[Result "0-1"]
[WhiteElo "2062"]
[BlackElo "2063"]
[PlyCount "105"]
[EventDate "2007.03.10"]
[EventType "tourn"]
[EventRounds "11"]
[EventCountry "RUS"]
[SourceTitle "EXT 2008"]
[Source "ChessBase"]
[SourceDate "2007.11.25"]
[SourceVersion "1"]
[SourceVersionDate "2007.11.25"]
[SourceQuality "1"]

1. d4 d5 2. Nf3 Nf6 3. Bf4 Nh5 4. Bd2 Bf5 5. e3 e6 6. Ne5 Nf6 7. Be2 h5 8. Bd3 Nbd7 9. Bxf5 exf5 10. Nd3 Bd6 11. Bb4 Bxb4+ 12. Nxb4 Qe7 13. Nd3 Ne4 14. Nd2 0-0-0 15. Qe2 Nxd2 16. Qxd2 Nf6 17. 0-0-0 Ne4 18. Qe2 g6 19. Kb1 Rhe8 20. Rc1 Qe6 21. c3 Kb8 22. Rc2 c6 23. g3 b6 24. Rhc1 Nd6 25. Ne5 Nc4 26. Nxc4 dxc4 27. Ka1 b5 28. Rb1 Qe4 29. b3 cxb3 30. Rxb3 a6 31. Rcb2 Rd7 32. h4 Ka7 33. a4 Qh1+ 34. Rb1 Qd5 35. axb5 cxb5 36. Ra3 Rb7 37. Rb4 Rc8 38. Kb2 Rc4 39. f3 Qd6 40. Rab3 Rbc7 41. Rxc4 bxc4 42. Rb4 Qxg3 43. Rxc4 Rb7+ 44. Rb4 Rxb4+ 45. cxb4 Qxh4 46. Qc4 Qe7 47. d5 h4 48. Qd4+ Kb7 49. d6 Qd7 50. e4 h3 51. Qd5+ Kb8 52. e5 f4 53. Qc5 0-1

[Event "Uljanovsk-ch sf"]
[Site "Uljanovsk"]
[Date "2007.02.13"]
[Round "4"]
[White "Makarov, Anatoliy"]
[Black "Zubkov, Vasiliy"]
[Result "0-1"]
[WhiteElo "1965"]
[BlackElo "2062"]
[PlyCount "46"]
[EventDate "2007.02.10"]
[EventType "swiss"]
[EventRounds "9"]
[EventCountry "RUS"]
[SourceTitle "EXT 2019"]
[Source "ChessBase"]
[SourceDate "2018.10.10"]
[SourceVersion "1"]
[SourceVersionDate "2018.10.10"]
[SourceQuality "1"]

1. Nf3 d5 2. d4 e6 3. c4 Nf6 4. e3 Be7 5. Nc3 c6 6. Bd3 0-0 7. 0-0 Nbd7 8. c5 b6 9. b4 a5 10. bxa5 bxc5 11. dxc5 Nxc5 12. Ne5 Qc7 13. f4 Nxd3 14. Nxd3 Rxa5 15. Bb2 Ba6 16. Ne2 Qb6 17. Bd4 c5 18. Rb1 Rb5 19. Be5 Rxb1 20. Qxb1 Qxb1 21. Rxb1 Bxd3 22. Rb2 Bxe2 23. Rxe2 Ng4 0-1

[Event "Uljanovsk Petrosian Memorial op"]
[Site "Uljanovsk"]
[Date "2006.06.17"]
[Round "9"]
[White "Zubkov, Vasiliy"]
[Black "Saveliev, Dmitri"]
[Result "0-1"]
[WhiteElo "2102"]
[BlackElo "1982"]
[PlyCount "74"]
[EventDate "2006.05.27"]
[EventType "swiss"]
[EventRounds "9"]
[EventCountry "RUS"]
[SourceTitle "EXT 2008"]
[Source "ChessBase"]
[SourceDate "2007.11.25"]
[SourceVersion "1"]
[SourceVersionDate "2007.11.25"]
[SourceQuality "1"]

1. e4 e6 2. d4 b6 3. Bd3 Bb7 4. Ne2 Nf6 5. f3 d5 6. e5 Nfd7 7. c3 c5 8. 0-0 Ba6 9. f4 g6 10. Be3 Bxd3 11. Qxd3 Nc6 12. Nd2 Be7 13. Nf3 h6 14. Kh1 Qc7 15. Rac1 c4 16. Qd2 b5 17. b3 Nb6 18. g3 a5 19. Qb2 b4 20. Bd2 a4 21. cxb4 axb3 22. axb3 0-0 23. b5 Ba3 24. Qb1 Bxc1 25. Qxc1 Na5 26. Bxa5 Rxa5 27. f5 Kg7 28. f6+ Kh7 29. Ng5+ hxg5 30. Qxg5 Rh8 31. Nf4 Qd8 32. Nxg6 fxg6 33. Rf4 Ra1+ 34. Kg2 Ra2+ 35. Kf3 Rxh2 36. Qg4 cxb3 37. Qxe6 Qd7 0-1

[Event "Uljanovsk Petrosian Memorial op"]
[Site "Uljanovsk"]
[Date "2006.06.11"]
[Round "7"]
[White "Makarenko, Vladimir"]
[Black "Zubkov, Vasiliy"]
[Result "0-1"]
[WhiteElo "2150"]
[BlackElo "2102"]
[PlyCount "122"]
[EventDate "2006.05.27"]
[EventType "swiss"]
[EventRounds "9"]
[EventCountry "RUS"]
[SourceTitle "EXT 2008"]
[Source "ChessBase"]
[SourceDate "2007.11.25"]
[SourceVersion "1"]
[SourceVersionDate "2007.11.25"]
[SourceQuality "1"]

1. d4 Nf6 2. c4 d6 3. Nc3 e5 4. dxe5 dxe5 5. Qxd8+ Kxd8 6. Nf3 Nbd7 7. Ng5 Ke8 8. Nb5 Bd6 9. Bd2 h6 10. Nf3 a6 11. Nxd6+ cxd6 12. Bb4 Ne4 13. Rd1 Ke7 14. Nd2 Nec5 15. e3 b6 16. Be2 Bb7 17. 0-0 a5 18. Ba3 f5 19. Nb1 Nf6 20. Nc3 Bc6 21. Rc1 g5 22. Rfd1 h5 23. Rd2 g4 24. Rcd1 Rhd8 25. Bd3 Ke6 26. Nd5 Rab8 27. Bxf5+ Kf7 28. Nxf6 Kxf6 29. Rxd6+ Rxd6 30. Rxd6+ Kxf5 31. Rxc6 Ne4 32. f3 gxf3 33. gxf3 Nd2 34. Kf2 e4 35. fxe4+ Nxe4+ 36. Ke2 Rd8 37. Rxb6 Rd2+ 38. Ke1 Rxh2 39. c5 Kg4 40. c6 Kf3 41. Kd1 a4 42. Rb4 Kxe3 43. Rxe4+ Kxe4 44. c7 Kd3 45. Bb4 Rxb2 46. Ke1 Rc2 47. Bd6 Ke4 48. Kd1 Rc4 49. Kd2 Kd5 50. Kd3 Rc6 51. Bf4 Ke6 52. Ke4 Kd7 53. Kf5 Rc5+ 54. Ke4 h4 55. Kf3 Rc2 56. Kg4 Rxa2 57. Kxh4 Rg2 58. Kh3 Rg6 59. Be5 a3 60. Kh2 a2 61. Kh3 Rg1 0-1